| 000 | 01271cam a22002651i 4500 | ||
|---|---|---|---|
| 003 | OSt | ||
| 005 | 20250702055244.0 | ||
| 008 | 250630s2015 ua g f000 0 ara c | ||
| 040 |
_aSA-JeALM _bara _cSA-RiAUC _erda |
||
| 043 | _af-ua--- | ||
| 082 | 0 | 4 |
_a953.0738 _qSA-RiAUC |
| 090 |
_a953.0738 ا ب ن م _bا ب ن م |
||
| 100 | 1 |
_aابن ميسر، محمد بن علي بن يوسف، _dتوفي 677 هجري. _eمؤلف. |
|
| 245 | 1 | 2 |
_aالمنتقى من أخبار مصر / _cلابن ميسر محمد بن علي بن يوسف بن جلب راغب. |
| 264 | 1 |
_a[القاهرة] : _bالهيئة العامة لدار الكتب والوثائق القومية، _c2014 |
|
| 300 |
_a300 صفحة؛ _c30 سم. |
||
| 336 |
_aنص _btxt _2rdacontent _3كتاب |
||
| 337 |
_aبدون وسيط _bn _2rdamedia |
||
| 338 |
_aمجلد _bnc _2rdacarrier |
||
| 500 | _aإهداء من المؤلف أيمن فؤاد سيد بتاريخ 2015/2/1 م | ||
| 651 | 7 |
_aمصر _xتاريخ _yالعصر الفاطمي، 969-1171 _2aucsh |
|
| 700 | 1 | 2 |
_iمختصر لـ : _aالمسبحي، محمد بن عبيد الله بن أحمد، _d366-420 هجري _tأخبار مصر في سنتين (414-415 هـ.) |
| 942 |
_2ddc _cBOOK _n0 |
||
| 949 |
_aSA-JeALM _d250630 _umohamedma123 _n1 |
||
| 999 |
_c9379 _d9379 |
||